| 000 | 00923cam a22002775a 4500 | ||
|---|---|---|---|
| 005 | 20150903131957.0 | ||
| 008 | 150816t2005 njua|||fr|||| 001 0 eng d | ||
| 020 | _a013127760x | ||
| 020 | _a9780131277601 | ||
| 040 |
_aEG-ScBUE _beng _cEG-ScBUE |
||
| 082 | 0 | 4 |
_a621.3192 _bNIL _222 |
| 100 | 1 | _aNilsson, James W. | |
| 245 | 1 | 0 |
_aElectric circuits / _cJames W. Nilsson, Susan A. Riedel |
| 250 | _a7th ed., International ed. | ||
| 260 |
_aUpper Saddle River : _bPearson Prentice Hall, _cc.2005. |
||
| 300 |
_axxvi, 966 p. : _bill. (col.) ; _c24 cm. + _eIntroduction to PSpice manual |
||
| 500 | _aIndex : p. 959-966. | ||
| 590 | _adoaa mohamed | ||
| 650 | 0 |
_aElectronic circuit design _2BUEsh |
|
| 650 | 0 |
_aElectric circuit analysis _xData processing _923388 |
|
| 651 | _2BUEsh | ||
| 653 |
_bENGELC _cAugust2015 |
||
| 655 |
_vreading book _934232 |
||
| 700 | _aRiedel, Susan A. | ||
| 942 |
_k621.3192 NIL _2ddc |
||
| 999 |
_c1486 _d1486 |
||